The Boondocks Trivia - Statistics

General Stats
  • This quiz has been taken 124 times
    123 since last reset
  • The average score is 12 of 24
Answer Stats
Hint Answer % Correct
Pimp that wears a purple suit? A Pimp Named Slickback
84%
This former president is the Devil, according to Huey Ronald Reagan
81%
"I suffer from ________. It's the opposite of what Michael Jackson's got." revitiligo
77%
Tom Dubois' worst fear? Being anally raped in prison
66%
Possessed Tom Dubois Colonel H. Stinkmeaner
65%
Jazmine Dubois' favorite singer Usher
65%
"My name is Uncle Ruckus, __ ________." No relation
64%
Rapper who wrote a diss track about Grandad? Thugnificent
63%
Neighborhood in which the Freeman's live Woodcrest
61%
Grandad's favorite drink? Orange Juice
55%
Voice actor of Huey and Riley? Regina King
53%
Third leading cause of death of black men, according to Huey Nigga moments
51%
In "The Story of Gangsterlicious", what object was thrown at Eat Dirt? A chair
50%
Drunken, trigger-happy, ex-soldier Ed Wuncler III
50%
Thugnificent's hit song Booty Butt Cheeks
41%
Rap group that lived across the street from the Freeman's Lethal Interjection Crew
41%
Bestfriend of above Gin Rummy
39%
According to Robert, white people love... Cheese
38%
What is Robert Freeman's middle name? Jebidiah
38%
Gangsterlicious' hit song Thuggin Love
35%
What was Gangsterlicious singing when he got shot? I Got Shot
30%
Prostitute who dated Robert Freeman Cristal
27%
Thugnificent's home town? Terre-Belle
22%
Song that Uncle Ruckus sings at the garden party "Don't Trust Them New Niggas Over There"
17%
No matching quizzes found
Score Distribution
Percent of People with Each Score
Percentile by Number Answered
Your Score History
You have not taken this quiz since the last reset